[Event "RM-2018-0-00182"]
[Site "LSS email"]
[Date "2018.07.09"]
[Round "?"]
[White "Szabo, Mihaly"]
[Black "McLeod, Sylvester"]
[Result "1/2-1/2"]
[WhiteElo "2388"]
[BlackElo "2329"]
[PlyCount "98"]
[EventDate "2018.02.03"]
[EventType "tourn (corr)"]
[EventRounds "6"]
[EventCountry "GER"]
[SourceTitle "Corr 2022"]
[Source "ChessBase"]
[SourceDate "2021.10.24"]
[SourceVersion "1"]
[SourceVersionDate "2021.10.24"]
[SourceQuality "1"]

1. e4 c5 2. Nf3 Nc6 3. d4 cxd4 4. Nxd4 Nf6 5. Nc3 g6 6. Nxc6 dxc6 7. Qxd8+ Kxd8 8. Bc4 Ke8 9. e5 Nd7 10. e6 fxe6 11. Bxe6 Bg7 12. Be3 Nf8 13. Bxc8 Rxc8 14. Bxa7 Ne6 15. Be3 Rf8 16. 0-0 Ra8 17. Nd1 b5 18. a3 c5 19. Re1 Kf7 20. Kf1 Rfc8 21. c3 b4 22. a4 Ra6 23. Ra2 g5 24. g3 Bf6 25. a5 Rb8 26. cxb4 cxb4 27. b3 Rb5 28. Bb6 Nd4 29. Bxd4 Bxd4 30. Re4 Bc5 31. Rc2 Rbxa5 32. Nb2 Ra1+ 33. Kg2 R1a2 34. Rxc5 Rxb2 35. Rf5+ Kg6 36. Rf3 h5 37. Rxb4 g4 38. Rf8 Rf6 39. Rxf6+ exf6 40. Rb5 f5 41. b4 f4 42. gxf4 Rb3 43. Rb7 h4 44. Rb5 Kf6 45. Kf1 Rb1+ 46. Kg2 Rb3 47. Kf1 Rb1+ 48. Ke2 h3 49. Rg5 Rb2+ 1/2-1/2

[Event "SM-2018-0-00394"]
[Site "LSS email"]
[Date "2018.06.02"]
[Round "?"]
[White "Wosch, Arkadiusz Janusz"]
[Black "Szabo, Mihaly"]
[Result "1-0"]
[WhiteElo "2371"]
[BlackElo "2398"]
[PlyCount "41"]
[EventDate "2018.02.24"]
[EventType "tourn (corr)"]
[EventRounds "6"]
[EventCountry "GER"]
[SourceTitle "Corr 2022"]
[Source "ChessBase"]
[SourceDate "2021.10.24"]
[SourceVersion "1"]
[SourceVersionDate "2021.10.24"]
[SourceQuality "1"]

1. e4 e5 2. Nf3 Nc6 3. Bc4 Nf6 4. d3 Bc5 5. c3 0-0 6. 0-0 d6 7. h3 a5 8. Re1 h6 9. Nbd2 Be6 10. b3 Bb6 11. Nf1 a4 12. Bxe6 fxe6 13. b4 Nh5 14. Rb1 Qe8 15. Rb2 Na7 16. Rc2 Qg6 17. N1h2 Nf4 18. Bxf4 Rxf4 19. c4 c5 20. b5 Ba5 21. Rf1 1-0

[Event "SM-2018-0-00394"]
[Site "LSS email"]
[Date "2018.06.01"]
[Round "?"]
[White "Mueller Alves, Martin"]
[Black "Szabo, Mihaly"]
[Result "1/2-1/2"]
[WhiteElo "2441"]
[BlackElo "2398"]
[PlyCount "75"]
[EventDate "2018.02.24"]
[EventType "tourn (corr)"]
[EventRounds "6"]
[EventCountry "GER"]
[SourceTitle "Corr 2022"]
[Source "ChessBase"]
[SourceDate "2021.10.24"]
[SourceVersion "1"]
[SourceVersionDate "2021.10.24"]
[SourceQuality "1"]

1. e4 e5 2. Nf3 Nc6 3. Bb5 a6 4. Ba4 Nf6 5. 0-0 Be7 6. Re1 b5 7. Bb3 0-0 8. c3 d6 9. h3 Bb7 10. d4 Re8 11. Nbd2 exd4 12. cxd4 Nd7 13. Nf1 Na5 14. Bc2 c5 15. Ne3 cxd4 16. Nxd4 g6 17. a4 b4 18. Bd2 Qb6 19. Nb3 Bf8 20. Nxa5 Qxa5 21. Ng4 Rac8 22. Bb3 Rxe4 23. Rxe4 Bxe4 24. Nh6+ Bxh6 25. Bxh6 Qh5 26. Qxh5 gxh5 27. Rd1 Nc5 28. Bc4 Rc6 29. Rd4 d5 30. Bxd5 Bxd5 31. Rxd5 f6 32. a5 Na4 33. b3 Nc5 34. Rxh5 Nxb3 35. Rh4 Nxa5 36. Rxb4 f5 37. Rb8+ Kf7 38. Bf4 1/2-1/2

[Event "RM-2018-0-00181"]
[Site "LSS email"]
[Date "2018.05.25"]
[Round "?"]
[White "Dorer, Manfred"]
[Black "Szabo, Mihaly"]
[Result "1/2-1/2"]
[WhiteElo "2318"]
[BlackElo "2390"]
[PlyCount "87"]
[EventDate "2017.12.13"]
[EventType "tourn (corr)"]
[EventRounds "6"]
[EventCountry "GER"]
[SourceTitle "Corr 2022"]
[Source "ChessBase"]
[SourceDate "2021.10.24"]
[SourceVersion "1"]
[SourceVersionDate "2021.10.24"]
[SourceQuality "1"]

1. e4 e5 2. Nf3 Nc6 3. Bb5 a6 4. Ba4 Nf6 5. 0-0 Be7 6. Re1 b5 7. Bb3 0-0 8. c3 d5 9. exd5 Nxd5 10. Nxe5 Nxe5 11. Rxe5 c6 12. d4 Bd6 13. Re1 Qh4 14. g3 Qh3 15. Be3 Be6 16. Qf3 a5 17. Qg2 Qf5 18. Bd1 b4 19. c4 Nxe3 20. fxe3 Bxc4 21. Nd2 Bb5 22. Rc1 Rac8 23. Qf3 Qd7 24. Ne4 Rfe8 25. Qg4 Qe7 26. Nxd6 Qxd6 27. Bf3 g6 28. Qg5 Rcd8 29. Qf4 Qe6 30. b3 Rd6 31. Rcd1 Red8 32. Bg2 Qe7 33. Qf2 Rf6 34. Qd2 Rfd6 35. Qf2 Rf6 36. Qb2 h5 37. e4 h4 38. e5 Rf5 39. Qc1 c5 40. Qxc5 Qxc5 41. dxc5 Rxd1 42. Rxd1 Rxe5 43. Rc1 Re3 44. c6 1/2-1/2

[Event "RM-2018-0-00180"]
[Site "LSS email"]
[Date "2018.04.09"]
[Round "?"]
[White "Pascual Perez, Norge"]
[Black "Szabo, Mihaly"]
[Result "1/2-1/2"]
[WhiteElo "2455"]
[BlackElo "2393"]
[PlyCount "59"]
[EventDate "2017.11.15"]
[EventType "tourn (corr)"]
[EventRounds "6"]
[EventCountry "GER"]
[SourceTitle "Corr 2022"]
[Source "ChessBase"]
[SourceDate "2021.10.24"]
[SourceVersion "1"]
[SourceVersionDate "2021.10.24"]
[SourceQuality "1"]

1. d4 Nf6 2. c4 e6 3. Nf3 d5 4. Nc3 dxc4 5. e4 Bb4 6. Bg5 c5 7. Bxc4 h6 8. Bxf6 Qxf6 9. 0-0 cxd4 10. Nb5 Qe7 11. Qxd4 0-0 12. Nxa7 Bc5 13. Nxc8 Rxc8 14. Qd3 Nc6 15. Qe2 Rd8 16. Rad1 Rxd1 17. Rxd1 Rd8 18. Rxd8+ Qxd8 19. g3 Nd4 20. Nxd4 Qxd4 21. Kg2 h5 22. h4 g6 23. a3 Bb6 24. b3 Kg7 25. Qc2 Bc5 26. b4 Bb6 27. a4 Qa1 28. b5 Bd4 29. Qd2 b6 30. Bb3 1/2-1/2

[Event "RM-2018-0-00180"]
[Site "LSS email"]
[Date "2018.04.09"]
[Round "?"]
[White "Szabo, Mihaly"]
[Black "Wosch, Arkadiusz Janusz"]
[Result "1/2-1/2"]
[WhiteElo "2393"]
[BlackElo "2357"]
[PlyCount "80"]
[EventDate "2017.11.15"]
[EventType "tourn (corr)"]
[EventRounds "6"]
[EventCountry "GER"]
[SourceTitle "Corr 2022"]
[Source "ChessBase"]
[SourceDate "2021.10.24"]
[SourceVersion "1"]
[SourceVersionDate "2021.10.24"]
[SourceQuality "1"]

1. e4 c5 2. Nf3 Nc6 3. Bb5 g6 4. Bxc6 dxc6 5. d3 Bg7 6. h3 Nf6 7. 0-0 Nd7 8. Nc3 e5 9. Be3 Qe7 10. Qd2 h6 11. Nh2 Nf8 12. f4 exf4 13. Bxf4 Ne6 14. Bg3 Qg5 15. Qe1 0-0 16. e5 Nd4 17. Ne4 Nxc2 18. Qd1 Ne3 19. Qf3 Nxf1 20. Nxg5 Nxh2 21. Kxh2 hxg5 22. Rc1 b6 23. Qxc6 Be6 24. Qb7 Rfb8 25. Qe4 Rd8 26. Rc3 Rab8 27. Qe3 g4 28. hxg4 Rd4 29. Bh4 Rxg4 30. Bf6 Bd5 31. Rc2 Re8 32. Bxg7 Kxg7 33. Kg1 Bxa2 34. Qf3 Be6 35. Qf6+ Kg8 36. Kf2 Bd5 37. g3 Rd4 38. Ke1 Re6 39. Qd8+ Kg7 40. Rh2 Rxe5+ 1/2-1/2

[Event "RM-2018-0-00180"]
[Site "LSS email"]
[Date "2018.04.07"]
[Round "?"]
[White "McLeod, Sylvester"]
[Black "Szabo, Mihaly"]
[Result "1/2-1/2"]
[WhiteElo "2329"]
[BlackElo "2393"]
[PlyCount "59"]
[EventDate "2017.11.15"]
[EventType "tourn (corr)"]
[EventRounds "6"]
[EventCountry "GER"]
[SourceTitle "Corr 2022"]
[Source "ChessBase"]
[SourceDate "2021.10.24"]
[SourceVersion "1"]
[SourceVersionDate "2021.10.24"]
[SourceQuality "1"]

1. d4 Nf6 2. c4 e6 3. Nf3 d5 4. Nc3 c6 5. Bg5 h6 6. Bh4 dxc4 7. e4 g5 8. Bg3 b5 9. Be2 Bb7 10. h4 g4 11. Ne5 Nbd7 12. Nxd7 Qxd7 13. Be5 Qe7 14. 0-0 Rg8 15. b3 Bg7 16. Qc2 Nh5 17. Bxg7 Rxg7 18. g3 Qd6 19. e5 Qxd4 20. Ne4 Qxe5 21. Rad1 Kf8 22. Rfe1 c5 23. Bxc4 bxc4 24. Nd6 Qf6 25. Nxb7 Qf3 26. Qd2 Nxg3 27. fxg3 Qxb7 28. Qxh6 Kg8 29. bxc4 Qf3 30. Qe3 1/2-1/2

[Event "RM-2018-0-00180"]
[Site "LSS email"]
[Date "2018.04.07"]
[Round "?"]
[White "Szabo, Mihaly"]
[Black "Grego, Luis Jose Gonzaga"]
[Result "1/2-1/2"]
[WhiteElo "2393"]
[BlackElo "2229"]
[PlyCount "46"]
[EventDate "2017.11.15"]
[EventType "tourn (corr)"]
[EventRounds "6"]
[EventCountry "GER"]
[SourceTitle "Corr 2022"]
[Source "ChessBase"]
[SourceDate "2021.10.24"]
[SourceVersion "1"]
[SourceVersionDate "2021.10.24"]
[SourceQuality "1"]

1. e4 e5 2. Nf3 Nc6 3. Bc4 Bc5 4. c3 Nf6 5. d3 d6 6. 0-0 0-0 7. Nbd2 a6 8. a4 Ba7 9. h3 Ne7 10. Re1 Ng6 11. Nf1 c6 12. Ba2 Be6 13. Bxe6 fxe6 14. Be3 Bxe3 15. Rxe3 d5 16. g3 Qc7 17. N1d2 c5 18. b4 cxb4 19. cxb4 Rf7 20. Ng5 Re7 21. Rc1 Qd6 22. Qb3 h6 23. Ngf3 Rc7 1/2-1/2

[Event "RM-2017-0-00177"]
[Site "LSS email"]
[Date "2017.12.14"]
[Round "?"]
[White "Morcin, Tom"]
[Black "Szabo, Mihaly"]
[Result "1/2-1/2"]
[WhiteElo "2267"]
[BlackElo "2381"]
[PlyCount "129"]
[EventDate "2017.03.30"]
[EventType "tourn (corr)"]
[EventRounds "6"]
[EventCountry "GER"]
[SourceTitle "Corr 2022"]
[Source "ChessBase"]
[SourceDate "2021.10.24"]
[SourceVersion "1"]
[SourceVersionDate "2021.10.24"]
[SourceQuality "1"]

1. e4 c5 2. Nf3 d6 3. d4 cxd4 4. Nxd4 Nf6 5. Nc3 a6 6. Be2 e5 7. Nf3 Be7 8. Bg5 Be6 9. Bxf6 Bxf6 10. 0-0 0-0 11. Qd2 Nd7 12. Nd5 Rc8 13. c3 Nc5 14. Nxf6+ Qxf6 15. Qxd6 Rfd8 16. Qxe5 Qxe5 17. Nxe5 Rd2 18. Bc4 Rxb2 19. f3 Rc2 20. Rab1 Rc7 21. Bxe6 Nxe6 22. Rf2 R2xc3 23. Rd2 b5 24. Nd7 Rb7 25. Rbb2 h5 26. Rd6 h4 27. Kf2 a5 28. Nb6 b4 29. h3 Rbc7 30. Rdd2 Ra3 31. Rb1 Rcc3 32. Nd5 Rd3 33. Rxd3 Rxd3 34. Rb2 g5 35. Ke2 Ra3 36. Kd1 Nc5 37. Rd2 Kg7 38. Kc1 Kg6 39. Kb2 Nd3+ 40. Kb1 Kh6 41. Re2 b3 42. axb3 Rxb3+ 43. Kc2 a4 44. e5 Nc5 45. Re3 Rb5 46. Ra3 Ra5 47. Kc3 Ne6 48. Ne3 Kg6 49. Nc4 Ra6 50. Ne3 f6 51. exf6 Kxf6 52. Kb2 Ke5 53. Rd3 Rb6+ 54. Ka3 Rc6 55. Kb2 Rb6+ 56. Ka3 Rb1 57. Nc4+ Kf4 58. Rd2 Kg3 59. Nd6 Nc5 60. Rd5 Rb3+ 61. Ka2 Ne6 62. Re5 Kxg2 63. Rxe6 Kxh3 64. Ne4 Kg2 65. Nxg5 1/2-1/2

[Event "SM-2017-0-00385"]
[Site "LSS email"]
[Date "2017.11.17"]
[Round "?"]
[White "Margana, Adhy"]
[Black "Szabo, Mihaly"]
[Result "1/2-1/2"]
[WhiteElo "2236"]
[BlackElo "2394"]
[PlyCount "105"]
[EventDate "2017.08.29"]
[EventType "tourn (corr)"]
[EventRounds "6"]
[EventCountry "GER"]
[SourceTitle "Corr 2022"]
[Source "ChessBase"]
[SourceDate "2021.10.24"]
[SourceVersion "1"]
[SourceVersionDate "2021.10.24"]
[SourceQuality "1"]

1. e4 e5 2. Nf3 Nc6 3. Bb5 a6 4. Ba4 Nf6 5. 0-0 Be7 6. Re1 b5 7. Bb3 d6 8. c3 0-0 9. h3 Re8 10. Ng5 Rf8 11. Nf3 Re8 12. d4 Bb7 13. Nbd2 exd4 14. cxd4 Nd7 15. Nf1 Na5 16. Bc2 Bf6 17. Rb1 c5 18. d5 Nc4 19. N3h2 Nce5 20. Ng3 g6 21. b3 Nb6 22. Rf1 Rc8 23. a4 c4 24. f4 cxb3 25. Rxb3 Ned7 26. axb5 axb5 27. Ng4 Bg7 28. f5 Ne5 29. Bh6 Nxg4 30. Bxg7 Kxg7 31. hxg4 Nd7 32. Qd2 Kg8 33. Bd1 Ra8 34. Be2 Ba6 35. Qh6 Qe7 36. g5 Ne5 37. Ra1 Qf8 38. Qxf8+ Kxf8 39. Kf2 f6 40. fxg6 hxg6 41. gxf6 Red8 42. Rba3 Bb7 43. Rxa8 Rxa8 44. Rxa8+ Bxa8 45. Bxb5 Bb7 46. Ke3 Kf7 47. Ne2 Kxf6 48. Nc1 Bc8 49. Nb3 Bg4 50. Na5 Bd1 51. Nc6 Bc2 52. Kd4 Nf7 53. Na5 1/2-1/2

[Event "RM-2017-0-00176"]
[Site "LSS email"]
[Date "2017.11.07"]
[Round "?"]
[White "McLeod, Sylvester"]
[Black "Szabo, Mihaly"]
[Result "1/2-1/2"]
[WhiteElo "2311"]
[BlackElo "2389"]
[PlyCount "51"]
[EventDate "2017.02.02"]
[EventType "tourn (corr)"]
[EventRounds "6"]
[EventCountry "GER"]
[SourceTitle "Corr 2022"]
[Source "ChessBase"]
[SourceDate "2021.10.24"]
[SourceVersion "1"]
[SourceVersionDate "2021.10.24"]
[SourceQuality "1"]

1. e4 e5 2. Nf3 Nc6 3. Bb5 a6 4. Ba4 Nf6 5. 0-0 Be7 6. Re1 b5 7. Bb3 0-0 8. c3 d5 9. exd5 Nxd5 10. Nxe5 Nxe5 11. Rxe5 c6 12. d4 Bd6 13. Re1 Qh4 14. g3 Qh3 15. Re4 g5 16. Qf1 Qxf1+ 17. Kxf1 Bf5 18. Nd2 a5 19. a4 b4 20. c4 Nf6 21. Re3 c5 22. Kg1 Bg6 23. d5 Ng4 24. Ne4 Be5 25. Re2 Bd4 26. Nxg5 1/2-1/2

[Event "RM-2017-0-00176"]
[Site "LSS email"]
[Date "2017.11.07"]
[Round "?"]
[White "Szabo, Mihaly"]
[Black "Willmann, Bernd"]
[Result "1-0"]
[WhiteElo "2389"]
[BlackElo "2281"]
[PlyCount "83"]
[EventDate "2017.02.02"]
[EventType "tourn (corr)"]
[EventRounds "6"]
[EventCountry "GER"]
[SourceTitle "Corr 2022"]
[Source "ChessBase"]
[SourceDate "2021.10.24"]
[SourceVersion "1"]
[SourceVersionDate "2021.10.24"]
[SourceQuality "1"]

1. e4 c5 2. Nf3 d6 3. d4 cxd4 4. Nxd4 Nf6 5. Nc3 a6 6. Be3 e6 7. a3 Be7 8. Qe2 0-0 9. 0-0-0 e5 10. Nf5 Bxf5 11. exf5 d5 12. Bg5 d4 13. Bxf6 Bxf6 14. Ne4 Nd7 15. h4 Be7 16. g4 Qb6 17. g5 f6 18. Qg4 Rac8 19. Bd3 Kh8 20. Rhg1 Qc6 21. Kb1 b5 22. Rde1 Rce8 23. f3 Qc7 24. Qh5 Rc8 25. Nf2 Nc5 26. Bc4 Ne6 27. Bxe6 Qxc2+ 28. Ka1 Bxa3 29. Rb1 Qxf2 30. Qg4 Qd2 31. gxf6 Bxb2+ 32. Rxb2 Rc1+ 33. Rxc1 Qxc1+ 34. Ka2 Rxf6 35. Qe4 Rf8 36. Qxe5 Qc3 37. f4 h6 38. Bb3 Qa5+ 39. Kb1 Qd8 40. Rg2 Rf6 41. Rc2 d3 42. Rc7 1-0

[Event "SM-2017-0-00384"]
[Site "LSS email"]
[Date "2017.10.24"]
[Round "?"]
[White "Szabo, Mihaly"]
[Black "Corti, Horacio"]
[Result "1/2-1/2"]
[WhiteElo "2384"]
[BlackElo "2339"]
[PlyCount "49"]
[EventDate "2017.08.17"]
[EventType "tourn (corr)"]
[EventRounds "6"]
[EventCountry "GER"]
[SourceTitle "Corr 2022"]
[Source "ChessBase"]
[SourceDate "2021.10.24"]
[SourceVersion "1"]
[SourceVersionDate "2021.10.24"]
[SourceQuality "1"]

1. d4 Nf6 2. c4 e6 3. Nf3 b6 4. g3 Ba6 5. Qc2 c5 6. Bg2 Nc6 7. dxc5 Bxc5 8. a3 Rc8 9. Nbd2 Be7 10. b4 Nb8 11. Nd4 d5 12. Qa4+ Qd7 13. Qxd7+ Nbxd7 14. cxd5 Nxd5 15. Bxd5 exd5 16. Nf5 Ne5 17. Bb2 f6 18. Nxg7+ Kf7 19. Nf5 Rhe8 20. Nd4 Bf8 21. Kf1 Nc6 22. N2f3 Nxd4 23. Nxd4 Bxe2+ 24. Nxe2 Rc2 25. Nf4 1/2-1/2

[Event "SM-2017-0-00384"]
[Site "LSS email"]
[Date "2017.10.24"]
[Round "?"]
[White "Szabo, Mihaly"]
[Black "Mroczek, Jacek"]
[Result "1/2-1/2"]
[WhiteElo "2384"]
[BlackElo "2268"]
[PlyCount "34"]
[EventDate "2017.08.17"]
[EventType "tourn (corr)"]
[EventRounds "6"]
[EventCountry "GER"]
[SourceTitle "Corr 2022"]
[Source "ChessBase"]
[SourceDate "2021.10.24"]
[SourceVersion "1"]
[SourceVersionDate "2021.10.24"]
[SourceQuality "1"]

1. e4 e6 2. d4 d5 3. Nc3 Bb4 4. exd5 exd5 5. Bd3 Nc6 6. a3 Bxc3+ 7. bxc3 Nge7 8. Qf3 Be6 9. Rb1 b6 10. Ne2 Qd7 11. 0-0 Bf5 12. Ng3 Bxd3 13. cxd3 0-0 14. h3 Ng6 15. Nh5 f6 16. Re1 Rf7 17. Bd2 Raf8 1/2-1/2

[Event "SM-2017-0-00383"]
[Site "LSS email"]
[Date "2017.09.27"]
[Round "?"]
[White "Morcin, Tom"]
[Black "Szabo, Mihaly"]
[Result "0-1"]
[WhiteElo "2240"]
[BlackElo "2386"]
[PlyCount "92"]
[EventDate "2017.08.02"]
[EventType "tourn (corr)"]
[EventRounds "6"]
[EventCountry "GER"]
[SourceTitle "Corr 2022"]
[Source "ChessBase"]
[SourceDate "2021.10.24"]
[SourceVersion "1"]
[SourceVersionDate "2021.10.24"]
[SourceQuality "1"]

1. Nf3 d5 2. d4 Nf6 3. c4 e6 4. Nc3 Bb4 5. Bg5 h6 6. Bxf6 Qxf6 7. Qa4+ Nc6 8. e3 0-0 9. Be2 Bxc3+ 10. bxc3 Bd7 11. Qc2 Rfd8 12. Rb1 b6 13. 0-0 Rac8 14. Bd3 Ne7 15. Ne5 c5 16. Qb2 dxc4 17. Bxc4 Be8 18. Bd3 Nc6 19. f4 Qe7 20. Rbc1 cxd4 21. exd4 b5 22. a3 Qd6 23. Be4 a5 24. h3 Ne7 25. Rfd1 Rb8 26. g3 Nf5 27. Bxf5 exf5 28. Qb3 Kh7 29. Re1 b4 30. axb4 axb4 31. Qc2 g6 32. Qd2 b3 33. Rb1 Rdc8 34. Rb2 f6 35. Nd3 Bf7 36. Nc5 Bc4 37. Qe3 Re8 38. Qxe8 Rxe8 39. Rxe8 g5 40. Rf2 Qc7 41. Re1 Kg6 42. Kh2 gxf4 43. gxf4 Kh5 44. Ne6 Qa7 45. Rg2 Bxe6 46. Rxe6 Qb8 0-1

[Event "SM-2017-0-00383"]
[Site "LSS email"]
[Date "2017.09.27"]
[Round "?"]
[White "Szabo, Mihaly"]
[Black "Pascual Perez, Norge"]
[Result "1/2-1/2"]
[WhiteElo "2386"]
[BlackElo "2441"]
[PlyCount "56"]
[EventDate "2017.08.02"]
[EventType "tourn (corr)"]
[EventRounds "6"]
[EventCountry "GER"]
[SourceTitle "Corr 2022"]
[Source "ChessBase"]
[SourceDate "2021.10.24"]
[SourceVersion "1"]
[SourceVersionDate "2021.10.24"]
[SourceQuality "1"]

1. d4 Nf6 2. c4 g6 3. g3 c6 4. Bg2 d5 5. cxd5 cxd5 6. Nf3 Bg7 7. 0-0 0-0 8. Nc3 Ne4 9. Ne5 Bf5 10. Bf4 Nxc3 11. bxc3 Nc6 12. Nxc6 bxc6 13. Qa4 e6 14. Rad1 Qe7 15. c4 Rfc8 16. h4 a5 17. a3 Qb7 18. Rd2 Qe7 19. e3 h6 20. c5 e5 21. Bxe5 Bxe5 22. dxe5 Qxe5 23. Rd4 Rab8 24. Qxa5 Rb3 25. Rfd1 Kg7 26. Qa4 Rc3 27. Qa5 Rc2 28. R1d2 Rc1+ 1/2-1/2

[Event "SM-2017-0-00382"]
[Site "LSS email"]
[Date "2017.09.19"]
[Round "?"]
[White "Szabo, Mihaly"]
[Black "Koch, Christian"]
[Result "1/2-1/2"]
[WhiteElo "2386"]
[BlackElo "2253"]
[PlyCount "54"]
[EventDate "2017.07.31"]
[EventType "tourn (corr)"]
[EventRounds "6"]
[EventCountry "GER"]
[SourceTitle "Corr 2022"]
[Source "ChessBase"]
[SourceDate "2021.10.24"]
[SourceVersion "1"]
[SourceVersionDate "2021.10.24"]
[SourceQuality "1"]

1. e4 c5 2. Nf3 d6 3. Nc3 Nf6 4. d4 cxd4 5. Nxd4 a6 6. f3 e5 7. Nb3 Be6 8. Be3 h5 9. Nd5 Bxd5 10. exd5 g6 11. Qd2 Nbd7 12. Be2 Bg7 13. 0-0 b6 14. Rac1 0-0 15. h3 Re8 16. c3 Nh7 17. Bd3 Nhf6 18. Be4 Kh7 19. c4 a5 20. Qf2 Rb8 21. a3 a4 22. Nd2 Nxe4 23. fxe4 Nc5 24. Qe2 Rf8 25. Rc3 Bh6 26. Bxh6 Kxh6 27. Rcf3 Kg7 1/2-1/2

[Event "SM-2017-0-00381"]
[Site "LSS email"]
[Date "2017.08.29"]
[Round "?"]
[White "McLeod, Sylvester"]
[Black "Szabo, Mihaly"]
[Result "1/2-1/2"]
[WhiteElo "2311"]
[BlackElo "2384"]
[PlyCount "105"]
[EventDate "2017.07.09"]
[EventType "tourn (corr)"]
[EventRounds "6"]
[EventCountry "GER"]
[SourceTitle "Corr 2022"]
[Source "ChessBase"]
[SourceDate "2021.10.24"]
[SourceVersion "1"]
[SourceVersionDate "2021.10.24"]
[SourceQuality "1"]

1. e4 c5 2. Nf3 d6 3. d4 cxd4 4. Nxd4 Nf6 5. Nc3 a6 6. Be3 e5 7. Nb3 Be7 8. f3 Be6 9. Qd2 0-0 10. 0-0-0 Nbd7 11. g4 b5 12. g5 b4 13. Ne2 Ne8 14. f4 a5 15. f5 Bxb3 16. cxb3 a4 17. bxa4 Rxa4 18. Kb1 Rxa2 19. Nc1 Ra8 20. Bc4 Qa5 21. Na2 Kh8 22. Qxb4 Qxb4 23. Nxb4 Ra4 24. Bd2 Bxg5 25. Bb5 Bxd2 26. Bxa4 Bxb4 27. Bxd7 Nf6 28. Bc6 g6 29. fxg6 hxg6 30. Rd3 Kg7 31. Rb3 Bc5 32. Rb7 g5 33. b4 Bd4 34. Rd1 Rh8 35. Rd2 Rh3 36. Rg2 Kg6 37. b5 Ra3 38. Ra2 Rb3+ 39. Kc1 Rc3+ 40. Rc2 Re3 41. Kd2 Rh3 42. Kc1 Rf3 43. Re2 Ra3 44. Rb8 Ng4 45. Kd1 Rb3 46. Rd2 Kg7 47. Rb7 Nf6 48. Ra2 Rd3+ 49. Rd2 Rc3 50. Rg2 Be3 51. Rb8 Nh5 52. Rc2 Rd3+ 53. Ke1 1/2-1/2

[Event "SM-2017-0-00381"]
[Site "LSS email"]
[Date "2017.08.29"]
[Round "?"]
[White "Szabo, Mihaly"]
[Black "Schott, Detlef"]
[Result "1/2-1/2"]
[WhiteElo "2384"]
[BlackElo "2309"]
[PlyCount "116"]
[EventDate "2017.07.09"]
[EventType "tourn (corr)"]
[EventRounds "6"]
[EventCountry "GER"]
[SourceTitle "Corr 2022"]
[Source "ChessBase"]
[SourceDate "2021.10.24"]
[SourceVersion "1"]
[SourceVersionDate "2021.10.24"]
[SourceQuality "1"]

1. e4 c5 2. Nf3 Nc6 3. Bb5 e6 4. 0-0 Nge7 5. d4 cxd4 6. Nxd4 Qb6 7. Nxc6 bxc6 8. Be2 Ng6 9. c4 Be7 10. Nc3 0-0 11. Rb1 Qc7 12. Be3 Rd8 13. g3 d6 14. f4 a6 15. Bf3 c5 16. Qe2 Bb7 17. Qd3 Rac8 18. Bg2 Rb8 19. Rfd1 Bf6 20. a3 h6 21. Rdc1 Nf8 22. h3 Nd7 23. Bf2 Nb6 24. Kh2 Bc6 25. b3 Qb7 26. b4 Bxc3 27. Qxc3 Bxe4 28. bxc5 dxc5 29. Rxb6 Qxb6 30. Bxe4 Qb2 31. Qxb2 Rxb2 32. Kg1 f5 33. Bh1 Rd3 34. a4 g6 35. Kf1 Kf7 36. Bc6 Rdd2 37. Be1 Rh2 38. h4 g5 39. a5 gxf4 40. gxf4 Ra2 41. Bb7 Rh3 42. Rc3 Rhh2 43. Re3 Ra1 44. h5 Rxh5 45. Kg2 Ra2+ 46. Kg1 Rhh2 47. Bc8 Rhg2+ 48. Kf1 Rg6 49. Bxa6 h5 50. Bc8 Ra1 51. Kf2 h4 52. Bc3 Rc1 53. Be5 Rxc4 54. a6 Ra4 55. Bb7 Ra2+ 56. Re2 Ra3 57. Bd6 Rg4 58. Bxc5 Rxf4+ 1/2-1/2

[Event "SM-2017-0-00376"]
[Site "LSS email"]
[Date "2017.08.18"]
[Round "?"]
[White "Szabo, Mihaly"]
[Black "Susla, Vitaliy"]
[Result "1/2-1/2"]
[WhiteElo "2377"]
[BlackElo "2365"]
[PlyCount "98"]
[EventDate "2017.03.22"]
[EventType "tourn (corr)"]
[EventRounds "6"]
[EventCountry "GER"]
[SourceTitle "Corr 2022"]
[Source "ChessBase"]
[SourceDate "2021.10.24"]
[SourceVersion "1"]
[SourceVersionDate "2021.10.24"]
[SourceQuality "1"]

1. e4 c5 2. Nf3 d6 3. d4 cxd4 4. Nxd4 Nf6 5. Nc3 a6 6. Be2 e5 7. Nb3 Be7 8. Be3 Be6 9. Nd5 Nbd7 10. Qd3 Bxd5 11. exd5 0-0 12. g4 Nb6 13. c4 Na4 14. 0-0-0 b5 15. cxb5 axb5 16. Kb1 Qd7 17. Rhg1 Rfb8 18. g5 Ne8 19. h4 Nc5 20. Qc2 b4 21. Bc4 Qa4 22. Nxc5 Qxc2+ 23. Kxc2 dxc5 24. Rge1 Bf8 25. Kb3 g6 26. h5 gxh5 27. Rc1 Ra5 28. Be2 Nc7 29. Bc4 Ne8 30. Be2 Nc7 31. Red1 Rd8 32. Bc4 Rd7 33. Rd2 Ne8 34. Rh1 Rda7 35. Rc2 Nd6 36. Rxh5 Nb7 37. Rh4 Rxa2 38. Rc1 Bg7 39. Rb1 e4 40. Kc2 R2a5 41. Bf4 b3+ 42. Kd2 Ra4 43. Bxb3 Rb4 44. Bc2 Ra2 45. Ke1 Bxb2 46. Bd2 Rd4 47. Rxe4 Rxe4+ 48. Bxe4 Nd6 49. Bc2 c4 1/2-1/2

[Event "RM-2017-0-00175"]
[Site "LSS email"]
[Date "2017.08.15"]
[Round "?"]
[White "Morcin, Tom"]
[Black "Szabo, Mihaly"]
[Result "1/2-1/2"]
[WhiteElo "2296"]
[BlackElo "2393"]
[PlyCount "63"]
[EventDate "2016.11.14"]
[EventType "tourn (corr)"]
[EventRounds "6"]
[EventCountry "GER"]
[SourceTitle "Corr 2022"]
[Source "ChessBase"]
[SourceDate "2021.10.24"]
[SourceVersion "1"]
[SourceVersionDate "2021.10.24"]
[SourceQuality "1"]

1. e4 e6 2. d4 d5 3. exd5 exd5 4. Nf3 Bd6 5. c4 Nf6 6. Nc3 dxc4 7. Bxc4 0-0 8. 0-0 Nc6 9. h3 a6 10. Bg5 h6 11. Bh4 Re8 12. Qc1 b5 13. Bb3 Bb7 14. Nd5 Be7 15. Nxe7+ Qxe7 16. Re1 Qd6 17. Bg3 Rxe1+ 18. Qxe1 Qe7 19. Qxe7 Nxe7 20. Bxc7 Bxf3 21. gxf3 Rc8 22. Be5 Nd7 23. f4 Nb6 24. Rd1 Ned5 25. Kg2 Nc4 26. Kf3 f6 27. Bd6 Kf7 28. Bc5 f5 29. h4 h5 30. Bxc4 bxc4 31. Re1 g6 32. Rc1 1/2-1/2

[Event "RM-2017-0-00175"]
[Site "LSS email"]
[Date "2017.08.15"]
[Round "?"]
[White "Szabo, Mihaly"]
[Black "Daanen, Aard"]
[Result "1/2-1/2"]
[WhiteElo "2393"]
[BlackElo "2194"]
[PlyCount "66"]
[EventDate "2016.11.14"]
[EventType "tourn (corr)"]
[EventRounds "6"]
[EventCountry "GER"]
[SourceTitle "Corr 2022"]
[Source "ChessBase"]
[SourceDate "2021.10.24"]
[SourceVersion "1"]
[SourceVersionDate "2021.10.24"]
[SourceQuality "1"]

1. e4 c5 2. Nf3 d6 3. Bb5+ Nd7 4. c3 Ngf6 5. Qe2 a6 6. Ba4 e5 7. d4 b5 8. Bc2 Be7 9. 0-0 0-0 10. Rd1 Qc7 11. a4 Rb8 12. axb5 axb5 13. Na3 c4 14. h3 Rd8 15. Re1 h6 16. Be3 Re8 17. b3 cxb3 18. Bxb3 Qxc3 19. Qa2 Rf8 20. Rec1 Qa5 21. Qb1 Qd8 22. Nxb5 Nxe4 23. Qxe4 Rxb5 24. Qd3 Rb8 25. Bc2 e4 26. Qxe4 Nf6 27. Qd3 Bb7 28. Nd2 Bd5 29. Bf4 Rb4 30. Re1 Qd7 31. Nf1 Rfb8 32. Bd2 Rb2 33. Bc1 R2b4 1/2-1/2